|
|
|
|
| LEADER |
02307nam a22004215i 4500 |
| 001 |
978-88-470-1652-1 |
| 003 |
DE-He213 |
| 005 |
20151218111500.0 |
| 007 |
cr nn 008mamaa |
| 008 |
110810s2011 it | s |||| 0|ita d |
| 020 |
|
|
|a 9788847016521
|9 978-88-470-1652-1
|
| 024 |
7 |
|
|a 10.1007/978-88-470-1652-1
|2 doi
|
| 040 |
|
|
|d GrThAP
|
| 050 |
|
4 |
|a RS1-441
|
| 072 |
|
7 |
|a MQP
|2 bicssc
|
| 072 |
|
7 |
|a MED072000
|2 bisacsh
|
| 082 |
0 |
4 |
|a 615.1
|2 23
|
| 245 |
1 |
0 |
|a Farmacognosia
|h [electronic resource] :
|b Botanica, chimica e farmacologia delle piante medicinali /
|c edited by F. Capasso.
|
| 250 |
|
|
|a 2.
|
| 264 |
|
1 |
|a Milano :
|b Springer Milan :
|b Imprint: Springer,
|c 2011.
|
| 300 |
|
|
|a XXII, 489 pagg.
|b online resource.
|
| 336 |
|
|
|a text
|b txt
|2 rdacontent
|
| 337 |
|
|
|a computer
|b c
|2 rdamedia
|
| 338 |
|
|
|a online resource
|b cr
|2 rdacarrier
|
| 347 |
|
|
|a text file
|b PDF
|2 rda
|
| 520 |
|
|
|a Negli ultimi anni la Farmacognosia ha conosciuto una grande evoluzione grazie a nuove tecniche e a nuovi strumenti d’indagine. In particolare si sono notevolmente ampliate le conoscenze scientifiche sulle piante medicinali. Tali nozioni chimiche, botaniche e farmacologiche sono raccolte in quest’opera rivolta non solo agli studenti, ai farmacisti, ai medici e agli erboristi, ma anche ai fitochimici e ai farmacologi impegnati nelle università e nelle industrie farmaceutiche. La nuova edizione conserva la struttura della precedente ma ne aggiorna profondamente i contenuti. Particolare attenzione è stata dedicata all’impiego terapeutico e agli effetti indesiderati delle diverse droghe vegetali. Un formulario fitoterapico, un indice terapeutico e un vasto apparato iconografico arricchiscono il volume in modo chiaro ed esauriente. In questa versione rinnovata i lettori possono trovare l’opera di Farmacognosia più completa e moderna oggi disponibile.
|
| 650 |
|
0 |
|a Pharmacy.
|
| 650 |
|
0 |
|a Pharmacology.
|
| 650 |
1 |
4 |
|a Pharmacy.
|
| 650 |
2 |
4 |
|a Pharmacy.
|
| 650 |
2 |
4 |
|a Pharmacology/Toxicology.
|
| 700 |
1 |
|
|a Capasso, F.
|e editor.
|
| 710 |
2 |
|
|a SpringerLink (Online service)
|
| 773 |
0 |
|
|t Springer eBooks
|
| 776 |
0 |
8 |
|i Printed edition:
|z 9788847016514
|
| 856 |
4 |
0 |
|u http://dx.doi.org/10.1007/978-88-470-1652-1
|z Full Text via HEAL-Link
|
| 912 |
|
|
|a ZDB-2-SME
|
| 950 |
|
|
|a Medicine (Springer-11650)
|